Aegyptum imperio populi romani adieci : l'Egitto e la sua prefettura fra conservazione e innovazione nella politica augustea /

Saved in:

Main Author: Licandro, Orazio, 1962- (Author)

Format: Book

Language: Italian

Published: Napoli : Satura, 2008.

Subjects:

Tags: Add Tag

No Tags, Be the first to tag this record!

Call Number: JC66 .L53 2008

LEADER 00922nam a22002537a 4500
003 OSt
005 20250827104743.0
008 270303s2008 it ab g b 001 0 ita d
020 |a 9788876070518 
040 |c ARCE Library 
043 |a f-ua--- 
050 1 4 |a JC66   |b .L53 2008 
100 1 |a Licandro, Orazio,   |d 1962-   |e author  |9 34763 
245 1 0 |a Aegyptum imperio populi romani adieci :   |b l'Egitto e la sua prefettura fra conservazione e innovazione nella politica augustea /   |c Orazio Licandro. 
264 1 |a Napoli :   |b Satura,   |c 2008. 
300 |a 134 pages :   |b illustrations, map ;   |c 24 cm. 
500 |a OCLC 419649011 
504 |a Includes bibliographical references (pages [113]-128) and index. 
600 0 0 |a Augustus,  |c Emperor of Rome,  |d 63 B.C.-14 A.D. 
610 2 0 |a Governors  |z Egypt.  |9 22228 
651 0 |a Egypt  |x Politics and government  |y 30 B.C.-640 A.D. 
901 |a reviewed 
942 |c BK  |2 lcc 
999 |c 22125  |d 22125